header

Raising dust (Record no. 142769)

MARC details
000 -LEADER
fixed length control field 01449nam a2200349 a 4500
100 1# - MAIN ENTRY--AUTHOR NAME
Personal name Rowe, Nicholas,
245 10 - TITLE STATEMENT
Title Raising dust
260 ## - PUBLICATION, DISTRIBUTION, ETC. (IMPRINT)
Place of publication London ;
-- New York, NY :
Name of publisher I.B. Tauris ;
Place of publication New York, NY :
Name of publisher Distributed in the United States and Canada exclusively by Palgrave Macmillan,
Year of publication 2010.
300 ## - PHYSICAL DESCRIPTION
Number of Pages xii, 244 p. :
Other physical details ill. (some col.), map.
650 #0 - SUBJECT ADDED ENTRY--TOPICAL TERM
Topical Term Dance
Topical Term Dance
856 40 - ELECTRONIC LOCATION AND ACCESS
Uniform Resource Identifier http://site.ebrary.com/lib/rucke/Doc?id=10426312

No items available.

© 2026 Rongo University
Contact us: librarian | system librarian | Rongo university